000 00295nam a22001217a 4500
008 160510b xxu||||| |||| 00| 0 eng d
020 _a9780815119920
020 _a0815119925
041 _aeng
080 _a61
245 _aThe medical interview:
_cSteven A. Cole; Julian Bird;
942 _2udc
_cBK
999 _c2008
_d2008